<?xml version="1.0" encoding="UTF-8"?>
<record
    xmlns:xsi="http://www.w3.org/2001/XMLSchema-instance"
    xsi:schemaLocation="http://www.loc.gov/MARC21/slim http://www.loc.gov/standards/marcxml/schema/MARC21slim.xsd"
    xmlns="http://www.loc.gov/MARC21/slim">

  <leader>00781nab a2200217 uc4500</leader>
  <controlfield tag="001">674355</controlfield>
  <controlfield tag="005">20240823091358.0</controlfield>
  <controlfield tag="008">010714e19600501                    spa  </controlfield>
  <datafield tag="035" ind1=" " ind2=" ">
    <subfield code="a">674355</subfield>
  </datafield>
  <datafield tag="035" ind1=" " ind2=" ">
    <subfield code="a">(OCoLC)819910665</subfield>
  </datafield>
  <datafield tag="040" ind1=" " ind2=" ">
    <subfield code="c">comduadb</subfield>
  </datafield>
  <datafield tag="041" ind1=" " ind2=" ">
    <subfield code="a">spa</subfield>
  </datafield>
  <datafield tag="100" ind1="1" ind2="0">
    <subfield code="a">Heidegger, Martin,</subfield>
    <subfield code="d">1889-1976</subfield>
    <subfield code="4">aut</subfield>
    <subfield code="0">(isni)0000000121244141</subfield>
    <subfield code="0">(viaf)24602613</subfield>
    <subfield code="e">aut</subfield>
    <subfield code="9">238054</subfield>
  </datafield>
  <datafield tag="245" ind1="1" ind2="0">
    <subfield code="a">La epoca de la imagen del mundo</subfield>
  </datafield>
  <datafield tag="650" ind1=" " ind2="7">
    <subfield code="a">Metaf&#xED;sica</subfield>
    <subfield code="2">lemb</subfield>
    <subfield code="9">2121</subfield>
  </datafield>
  <datafield tag="650" ind1=" " ind2=" ">
    <subfield code="a">Cosmovisi&#xF3;n</subfield>
    <subfield code="9">22620</subfield>
  </datafield>
  <datafield tag="650" ind1=" " ind2="7">
    <subfield code="a">Nacionalsocialismo</subfield>
    <subfield code="2">lemb</subfield>
    <subfield code="9">32372</subfield>
  </datafield>
  <datafield tag="700" ind1="1" ind2="0">
    <subfield code="a">Rinc&#xF3;n, Carlos,</subfield>
    <subfield code="d">1940-</subfield>
    <subfield code="4">trl</subfield>
    <subfield code="0">(isni)0000 0001 1691 7575</subfield>
    <subfield code="0">(viaf)100237249</subfield>
    <subfield code="e">trl</subfield>
    <subfield code="9">265485</subfield>
  </datafield>
  <datafield tag="773" ind1="0" ind2=" ">
    <subfield code="t">Mito : Revista Bimestral de Cultura (Bogot&#xE1;)</subfield>
    <subfield code="g">Vol. 05, No. 30, May.-Jun. 1960, p.331-353</subfield>
    <subfield code="w">617695</subfield>
    <subfield code="0">183449</subfield>
  </datafield>
  <datafield tag="942" ind1=" " ind2=" ">
    <subfield code="c">ARIMP</subfield>
  </datafield>
  <datafield tag="999" ind1=" " ind2=" ">
    <subfield code="c">203899</subfield>
    <subfield code="d">203899</subfield>
  </datafield>
</record>
